000 02473cam a2200169 4500500
005 20260208001659.0
041 _afre
042 _adc
100 1 0 _aMoreau de Bellaing, Louis
_eauthor
245 0 0 _aÈve BRENEL & Virginie VALENTIN (dir.), Esthétique, sens et personnage dans les arts de la scène, Paris, L’Harmattan (Logiques sociales), 2015, 137 p.
260 _c2018.
500 _a82
520 _aDans les entrepôts de la grande distribution alimentaire, les ouvriers manutentionnaires travaillent avec un casque audio sur les oreilles et un micro devant la bouche. C’est une voix numérique qui leur indique les tâches à réaliser et ils valident chacun des gestes effectués par reconnaissance vocale, en prononçant des mots clés. Lorsqu’on les interroge sur le contenu de leur travail, ils ne manquent pas de se comparer à des « robots », dépossédés de leur capacité à agir en dehors du script imposé. Les observateurs extérieurs en font souvent de même, sidérés par ce dialogue étrange entre un outil numérique et des humains qui répondent à ses injonctions. Si cette conception de la « robotisation » n’est pas satisfaisante au regard de l’enquête menée en immersion dans les entrepôts, l’analyse critique de cette terminologie et de ses ressorts symboliques amène un éclairage nouveau sur la façon dont le monde ouvrier est perçu et se perçoit.
520 _aIn food retail warehouses, handlers work with headphones on their ears and microphones in front of their mouth. A digital voice tells them what they have to do and they validate all their actions pronouncing key words for the voice recognition system. When asked about the content of their work, they compare themselves to “robots,” lacking the capacity to act outside the imposed framework. Outside observers often borrow this comparison to express their astonishment in reaction to this unusual dialogue between a digital tool and humans following orders. The results of my fieldwork show that such a vision of robotization is not appropriate. I analyze how this symbolic terminology of workers’ perception and self-perception is used and the questions it raises, thereby proposing a new approach of the working-class image.
786 0 _nL'Homme & la Société | 205 | 3 | 2018-01-09 | p. 285f-286f | 0018-4306
856 4 1 _uhttps://shs.cairn.info/revue-l-homme-et-la-societe-2017-3-page-285f?lang=fr&redirect-ssocas=7080
999 _c1645045
_d1645045